000
00301nam a22001337a 4500
008
170912b xxu||||| |||| 00| 0 eng d
020
_a
0471874214
041
_a
eng
080
_2
2ND
_a
53
100
_a
43
101
_a
FIZ
245
_a
PHYSICS AND THE SOUND OF MUSIC
_c
RIGDEN,J.S
942
_2
udc
_c
BK
999
_c
27337
_d
27337